000 00378nam a2200157Ia 4500
008 230917s9999||||xx |||||||||||||| ||und||
040 _e79694
_aMAIN
041 _aEnglish
082 _a346.096 A92N(2)
100 _aAvtar Singh
245 0 _aNegotiable instruments
250 _a2nd ed.
260 _aLucknow
_bEastern Book Co
_c1987
300 _axliv, 286 p.
942 _cBK
999 _c58407
_d58407